Регионална библиотека "Любен Каравелов" - Русе

Гората и защитата на почвата (Запис номер 119200)

MARC детайли
000 -Лидер
Контролно поле с фиксирана дължина nam a22 a 4500
003 - Код на организацията, давaща контролен номер
Контролно поле BLK
005 - Дата и час на последна редакция
Контролно поле 20221114171439.0
008 - Елементи от данни с фиксирана дължина
fixed length control field 180409b bul|||||r ||||||| ||bul||
010 ## - Наследен системен номер
LC control number KNG00124815000
040 ## - Източник на каталожния запис
Идентификатор на билиотеката - собственик на записа BLK
041 ## - Код за език
Код за езика на текст/звукозапис или на отделно заглавие Български
Код за езика КДБФ Български
080 ## - УДК
Текстов определител УДК Почва. Почвознание. - Химия, токсичност, биология, почвообразуване, класификация на горските почви и др. Вж и 631.4
УДК код - определител по УДК 630.114
УДК - код + определител 630.114
080 ## - УДК
Текстов определител УДК Плодородие и токсичност на почвите. Ерозия. Вж и 631.58
УДК код - определител по УДК 631.45
УДК - код + определител 631.45
100 1# - Редна дума - Автор
Автор Ангелов, Стефан Илиев
Авторска отговорност първи автор
R(LIN) 316088
139 ## - Редно поле
Редна дума Ангелов, Стефан Илиев и др.
Авторски знак Ан - А 64
245 10 - Сведения за заглавието
Заглавие Гората и защитата на почвата
Подзаглавни данни Моногр.
Редно поле (дума) Стефан Илиев Ангелов; Станчо Д. Керенски
257 ## - Страна на издаване
Страна на създаване/издаване България
260 ## - Област на издателските данни
Място на издаване, разпространение и проч. София
Име на издателя, разпространителя и проч. Земиздат
Година на издаване 1978
Печатница Хасково : Ат. Стратиев
300 ## - Физическа характеристика
Страници 163 с.
Илюстрации и др. с ил., табл.
Размери/Мащаб 20 см
380 ## - Жанр
Жанр Селско стопанство
504 ## - Забележка за наличие на библиография и др
Забележка за наличие на библиография и под. Библиогр. с. 155-160.
650 #4 - Допълнително описание по предмет – тема
Основно описание – тема или топоним Почва - структура
9 (RLIN) 316089
650 #4 - Допълнително описание по предмет – тема
Основно описание – тема или топоним Ерозия - на почвата
9 (RLIN) 316090
653 ## - Ключова дума – ненормативна
Ключова дума почви
653 ## - Ключова дума – ненормативна
Ключова дума почвознание
653 ## - Ключова дума – ненормативна
Ключова дума ерозия
700 1# - Други автори (авторска отговорност)
Лично име Керенски, Станчо Д.
Автороска отговорност (Описва отношението между автора и произведението) съавт.
9 (RLIN) 78343
852 ## - Местоположение
Форматна сигнатура Цб 94304
Фондова буква Хранилище
856 4# - Електронен адрес и достъп
Електронен формат pdf - файл
Инструкция (цена за достъп) 0.00
Права за достъп disable
999 ## - СИСТЕМНИ КОНТРОЛНИ НОМЕРА
Koha biblionumber 119200
Koha biblioitemnumber 119200
942 ## - АРТИКУЛИ
Вид на библиотечния материал Книги
Скрит в OPAC Не
Периодичен библиозапис Да
944 ## - СЪЗДАВАНЕ И РЕДАКЦИЯ на ЗАПИСА
Създаване/Редакция Създаване
Дата на регистрацията/редакция 16.08.2011
Статус, дата на статуса 16.08.2011 - от С1,Р / 16.08.2011
Служител, извършил регистрацията/редакцията Геновева_Генчева
944 ## - СЪЗДАВАНЕ И РЕДАКЦИЯ на ЗАПИСА
Създаване/Редакция Редакция
Дата на регистрацията/редакция 16.08.2011
Статус, дата на статуса 16.08.2011 - от С1,Р / 16.08.2011
Наличности
Код за отписване Код за изгубен артикул Източник на класификационната схема Код за повреда Коз за рестрикции Код за отдаване Артикулен № Име на библиотеката - собственик Име на библиотеката, в която се намира в момента Статус (Текущо местоположение) Дата на вписване в системата Местоположение - отдел Цена в лева Инвентарен номер Систематично азбучна сигнатура Баркод Номер на екземпляра Цена в евро Служебна бележка Служебен тип на артикула
  Не е изгубен Universal Decimal Classification Не е повреден само за читалня ползва се в читалня 192355 Регионална библиотека "Любен Каравелов" Русе Регионална библиотека "Любен Каравелов" Русе Хранилище 1978-01-01 Хранилище 0.78 265925 Цб 94304 120000265925 1 0.40 Дост: Dp Вид: Д N: стар фонд Дата: 01.01.1978 Книги
Изтеглен Не е изгубен Universal Decimal Classification Не е повреден без рестрикции заемане за дома 192356 Регионална библиотека "Любен Каравелов" Русе Регионална библиотека "Любен Каравелов" Русе Заемна - подръчен фонд 1978-01-01 Заемна - подръчен фонд 0.88 266468 П 630.1/А 64 266468 2 0.45 Дост: Pk Вид: Ф N: стар фонд Дата: 01.01.1978 Книги
Vip Innovations Ltd, Rousse, Bulgaria 2025